|
|
|
|
| LEADER |
01955nam a2200553 a 4500 |
| 001 |
nkc20112168195 |
| 003 |
CZ PrNK |
| 005 |
20140115103205.0 |
| 007 |
ta |
| 008 |
110223s2010 xr a e f 000 0 cze |
| 015 |
|
|
|a cnb002168195
|
| 020 |
|
|
|a 978-80-87066-02-7
|q (brož.)
|z 80-87066-02-2
|z 80-87066-00-7
|
| 035 |
|
|
|a (OCoLC)741402099
|
| 040 |
|
|
|a BOA001
|b cze
|d ABA001
|
| 043 |
|
|
|a e-xr---
|
| 072 |
|
7 |
|a 373.2/.3
|x Předškolní a primární výchova a vzdělávání
|2 Konspekt
|9 22
|
| 080 |
|
|
|a 373.24
|2 MRF
|
| 080 |
|
|
|a 37.058
|2 MRF
|
| 080 |
|
|
|a 373.2
|2 MRF
|
| 080 |
|
|
|a 334.72
|2 MRF
|
| 080 |
|
|
|a 37.018.26
|2 MRF
|
| 080 |
|
|
|a (437.3)
|2 MRF
|
| 080 |
|
|
|a (041)
|2 MRF
|
| 100 |
1 |
|
|a Pemová, Terezie
|7 xx0101850
|4 aut
|
| 245 |
1 |
0 |
|a 7 kroků k firemní školce /
|c Terezie Pemová, Radek Ptáček
|
| 246 |
3 |
|
|a Sedm kroků k firemní školce
|
| 260 |
|
|
|a [Praha] :
|b Hyperaktivita,
|c c2010
|
| 300 |
|
|
|a [20] s. :
|b barev. il. ;
|c 30 x 11 cm
|
| 500 |
|
|
|a Název z obálky
|
| 500 |
|
|
|a Pod názvem: Budujeme firemní školky
|
| 650 |
0 |
7 |
|a mateřské školy
|7 ph122683
|z Česko
|2 czenas
|
| 650 |
0 |
7 |
|a soukromé školy
|7 ph125875
|z Česko
|2 czenas
|
| 650 |
0 |
7 |
|a předškolní výchova
|7 ph124887
|z Česko
|2 czenas
|
| 650 |
0 |
7 |
|a firmy
|7 ph120256
|z Česko
|2 czenas
|
| 650 |
0 |
7 |
|a rodina a škola
|7 ph125181
|z Česko
|2 czenas
|
| 650 |
0 |
9 |
|a kindergartens
|z Czechia
|2 eczenas
|
| 650 |
0 |
9 |
|a private schools
|z Czechia
|2 eczenas
|
| 650 |
0 |
9 |
|a preschool education
|z Czechia
|2 eczenas
|
| 650 |
0 |
9 |
|a firms
|z Czechia
|2 eczenas
|
| 650 |
0 |
9 |
|a home and school
|z Czechia
|2 eczenas
|
| 655 |
|
7 |
|a brožury
|7 fd131925
|2 czenas
|
| 655 |
|
9 |
|a brochures
|2 eczenas
|
| 700 |
1 |
|
|a Ptáček, Radek,
|d 1975-2024
|7 mzk2006322987
|4 aut
|
| 740 |
0 |
2 |
|a Budujeme firemní školky
|
| 910 |
2 |
|
|a BOA001
|b 4-1264.362
|
| 990 |
|
|
|a BK
|
| 995 |
|
|
|a 01
|
| 991 |
|
|
|b 201104
|c NOV
|e n
|
| 996 |
6 |
|
|b 2610473597
|c 4-1264.362
|l MZK
|r Sklad / do 1 hodiny
|n 8
|p p.v.
|w 001173518
|u 000010
|a 1
|e BOA001
|j MZK50
|s P
|